00948nam a22002537a 4500999001500000001000600015003000900021005001700030008004100047020001900088040003200107082001900139100003000158245006900188260002900257300004100286504005400327526000800381600007000389650007600459700003000535942001200565952011700577 c2695d269515167BD-DhUAP20200226184727.0200226s2007 it a bc 000 0deng d a9788876246470  aItFiCcItFiCdBD-DhUAPbEng04223a720.92 CAP1 aCappellieri, Alba.93185610aAntonio Citterio :barchitecture and design /cAlba Cappellieri. aMilano :bSkira,cc2007. a330 pages :billustrations ;c29 cm. aIncludes bibliographical references (p. 327-330). aARC10aCitterio, Antonio, d1950- xCriticism and interpretation.931858 0aArchitecture, Moderny21st centuryvDesigns and plansvCatalogs.9318591 aCitterio, Antonio.931861 2ddccBK 00102ddc4070aUAPCLbUAPCLcGeneral Stacksd2020-02-26o720.92 CAPp3010015167r2020-02-26t1w2020-02-26yBK